Rumor about the Jews: Reflections on Antisemitism and the Protocols of the Learned Elders of Zion (Record no. 226099)
[ view plain ]
| 000 -LEADER | |
|---|---|
| fixed length control field | 00654nam a22002057a 4500 |
| 005 - DATE AND TIME OF LATEST TRANSACTION | |
| control field | 20221228132114.0 |
| 008 - FIXED-LENGTH DATA ELEMENTS--GENERAL INFORMATION | |
| fixed length control field | 221228b ||||| |||| 00| 0 eng d |
| 020 ## - INTERNATIONAL STANDARD BOOK NUMBER | |
| International Standard Book Number | 0312218044 |
| 040 ## - CATALOGING SOURCE | |
| Transcribing agency | AL |
| 041 ## - LANGUAGE CODE | |
| Language code of text/sound track or separate title | English |
| 082 ## - DEWEY DECIMAL CLASSIFICATION NUMBER | |
| Edition number | 23 |
| Classification number | 305.8924 |
| Item number | BROR |
| 100 ## - MAIN ENTRY--PERSONAL NAME | |
| Personal name | Stephen Eric Bronner |
| 100 ## - MAIN ENTRY--PERSONAL NAME | |
| 9 (RLIN) | 67819 |
| 245 ## - TITLE STATEMENT | |
| Title | Rumor about the Jews: Reflections on Antisemitism and the Protocols of the Learned Elders of Zion |
| 260 ## - PUBLICATION, DISTRIBUTION, ETC. | |
| Place of publication, distribution, etc. | New York |
| Name of publisher, distributor, etc. | St.Martins Press |
| Date of publication, distribution, etc. | 1949 |
| 300 ## - PHYSICAL DESCRIPTION | |
| Extent | 177 p. |
| Other physical details | HB |
| Dimensions | 21.5x14 cm. |
| 650 ## - SUBJECT ADDED ENTRY--TOPICAL TERM | |
| Topical term or geographic name entry element | Antisemitism |
| 9 (RLIN) | 67820 |
| 650 ## - SUBJECT ADDED ENTRY--TOPICAL TERM | |
| Topical term or geographic name entry element | Protocols of the wise men of Zion |
| 9 (RLIN) | 67821 |
| 700 ## - ADDED ENTRY--PERSONAL NAME | |
| Personal name | BRONNER (Stephen Eric) |
| 9 (RLIN) | 67822 |
| 942 ## - ADDED ENTRY ELEMENTS (KOHA) | |
| Source of classification or shelving scheme | Dewey Decimal Classification |
| Koha item type | Donated Books |
| Withdrawn status | Lost status | Source of classification or shelving scheme | Damaged status | Not for loan | Collection code | Home library | Current library | Date acquired | Total Checkouts | Full call number | Barcode | Date last seen | Price effective from | Koha item type | Public note |
|---|---|---|---|---|---|---|---|---|---|---|---|---|---|---|---|
| Dewey Decimal Classification | Sociology | St Aloysius Library | St Aloysius Library | 11/28/2014 | 305.8924 BROR | D05288 | 12/28/2022 | 12/28/2022 | Donated Books | Donated by V. T. Rajshekar |